Stavebno-technologický projekt na stavbu: BYTOVÝ DOM MILESTONES, III. etapa Banská Bystrica

Saved in:
Bibliographic Details
Main Author: Klesniak, Peter (Author)
Other Authors: Gašparík, Jozef (Thesis advisor)
Format: Manuscript Book
Language:Slovak
Published: 2015
Subjects:
Online Access:http://is.stuba.sk/zp/portal_zp.pl?podrobnosti=109781
https://opac.crzp.sk/?fn=detailBiblioForm&sid=78283B71680DBAF21F44D21D22D4
Tags: Add Tag
No Tags, Be the first to tag this record!

MARC

LEADER 00000ntm a22000003a 4500
001 stuzp52412
003 SK-STU
005 20231013161122.2
007 ta
008 150427s2015----xo-----f-mn---000-0-slo-d
040 |a STU  |b slo 
041 0 |a slo 
100 1 |a Klesniak, Peter  |u 010270  |4 aut  |U SvF Stavebná fakulta  |T SvF Katedra technológie stavieb  |X 49569  |U V270  |Y 28  |7 A000049569 
242 0 1 |a Stavebno-technologický projekt na stavbu: BYTOVÝ DOM MILESTONES, III. etapa Banská Bystrica  |y eng 
245 1 0 |a Stavebno-technologický projekt na stavbu: BYTOVÝ DOM MILESTONES, III. etapa Banská Bystrica 
260 |c 2015 
650 4 |a Zariadenie staveniska  |2 slo 
650 4 |a PSV a HSV práce  |2 slo 
650 4 |a Dažďová voda  |2 slo 
650 4 |a Visualization  |2 eng 
650 4 |a Floor plan and views object  |2 eng 
650 4 |a Poster includes an overview ofthe situation  |2 eng 
700 1 |a Gašparík, Jozef  |4 ths  |X 2737  |7 A000002737 
856 4 |u http://is.stuba.sk/zp/portal_zp.pl?podrobnosti=109781 
856 4 |u https://opac.crzp.sk/?fn=detailBiblioForm&sid=78283B71680DBAF21F44D21D22D4 
SQL |a stuzp52412  |b DDP  |c SLO  |d Stavebno-technologický projekt na stavbu: BYTOVÝ DOM MILESTONES, III. etapa Banská Bystrica  |e 49569  |f Klesniak, Peter  |g 010270  |h 2737  |i Gašparík, Jozef  |j 20150618  |k 681  |l 01  |m http://is.stuba.sk/zp/portal_zp.pl?podrobnosti=109781  |n I-TS  |o 5.2.8. stavebníctvo